[Event "24th ch-EUR Indiv w 2024"]
[Site "Rhodes GRE"]
[Date "2024.04.22"]
[Round "4.57"]
[White "Manko, Mariia"]
[Black "Makka, Ioulia"]
[Result "1-0"]
[WhiteTitle "WFM"]
[BlackTitle "WIM"]
[WhiteElo "2251"]
[BlackElo "1983"]
[WhiteFideId "14199220"]
[BlackFideId "4205316"]
[EventDate "2024.04.19"]

1. d4 Nf6 2. c4 e6 3. g3 Bb4+ 4. Bd2 Qe7 5. Bg2 Nc6 6. Nf3 Bxd2+ 7. Nbxd2 O-O 8.
O-O d5 9. Qc2 Rd8 10. Rad1 Bd7 11. a3 a5 12. e4 dxe4 13. Nxe4 Nxe4 14. Qxe4 Rab8
15. Rfe1 Qf6 16. h4 Ne7 17. Ne5 Ba4 18. Rd2 Nf5 19. b4 axb4 20. axb4 Nd6 21. Qb1
Qh6 22. Qb2 Bb3 23. Rc1 Ra8 24. Rd3 Ba4 25. c5 Nf5 26. Bxb7 Rab8 27. Be4 Bb5 28.
Rdd1 Nxd4 29. Ng4 Ne2+ 30. Kh2 Qh5 31. Bf3 Rxd1 32. Rxd1 Qf5 33. Bxe2 Ba4 34.
Ra1 Bc6 35. Qd4 h5 36. Ne5 Bd5 37. Bd3 Qf6 38. b5 Rd8 39. Qf4 Qe7 40. c6 Rf8 41.
Nd7 Rc8 42. Ra7 Qd8 43. Nb6 e5 44. Qf5 Rb8 45. Qh7+ Kf8 46. Nxd5 Qxd5 47. Rxc7 1-0

[Event "24th ch-EUR Indiv w 2024"]
[Site "Rhodes GRE"]
[Date "2024.04.22"]
[Round "4.58"]
[White "Shuqja, Klean"]
[Black "Aydin, Gulenay"]
[Result "1/2-1/2"]
[WhiteTitle "WFM"]
[BlackTitle "WFM"]
[WhiteElo "1977"]
[BlackElo "2195"]
[WhiteFideId "4701585"]
[BlackFideId "34557431"]
[EventDate "2024.04.19"]

1. e4 c5 2. Nf3 e6 3. b3 a6 4. Bb2 Nc6 5. Be2 d6 6. O-O Nf6 7. d3 e5 8. Nbd2 Be7
9. Nc4 b5 10. Ne3 O-O 11. Nd2 Be6 12. f4 exf4 13. Rxf4 d5 14. Nf5 Bxf5 15. Rxf5
dxe4 16. dxe4 Nd4 17. Rf1 Bd6 18. c3 Nxe2+ 19. Qxe2 Re8 20. c4 Nxe4 21. Qh5 Qc7
22. Nxe4 Rxe4 23. Rad1 Be5 24. Bxe5 Rxe5 25. Rxf7 Qxf7 26. Qxe5 bxc4 27. Rf1 Qd7 1/2-1/2

[Event "24th ch-EUR Indiv w 2024"]
[Site "Rhodes GRE"]
[Date "2024.04.22"]
[Round "4.59"]
[White "Peglau, Charis"]
[Black "Bluebaum, Johanna"]
[Result "1-0"]
[WhiteTitle "WFM"]
[WhiteElo "2161"]
[BlackElo "1977"]
[WhiteFideId "16219996"]
[BlackFideId "24647373"]
[EventDate "2024.04.19"]

1. Nf3 d5 2. g3 c5 3. Bg2 Nc6 4. O-O Nf6 5. c4 d4 6. d3 e5 7. e4 Bd6 8. h3 O-O
9. Ne1 Ne8 10. Kh2 Kh8 11. f4 f5 12. fxe5 Nxe5 13. Bf4 Ng6 14. Bxd6 Nxd6 15. Nd2
fxe4 16. Rxf8+ Qxf8 17. Nxe4 Nxe4 18. Bxe4 Bf5 19. Bxb7 Rb8 20. Bg2 Rxb2 21. Rb1
Rxb1 22. Qxb1 Ne5 23. Qb3 h6 24. a4 Bg6 25. a5 Kh7 26. Qc2 Qf6 27. Qe2 1-0

[Event "24th ch-EUR Indiv w 2024"]
[Site "Rhodes GRE"]
[Date "2024.04.22"]
[Round "4.60"]
[White "Kalaiyalahan, Akshaya"]
[Black "Kordzadze, Nino"]
[Result "1/2-1/2"]
[WhiteTitle "FM"]
[WhiteElo "2148"]
[BlackElo "1976"]
[WhiteFideId "422894"]
[BlackFideId "13603817"]
[EventDate "2024.04.19"]

1. Nf3 d5 2. e3 Nf6 3. c4 e6 4. Nc3 b6 5. cxd5 exd5 6. g3 c6 7. Bg2 Bd6 8. O-O
Bg4 9. Qc2 O-O 10. b3 Qc8 11. Re1 Qf5 12. Qxf5 Bxf5 13. Nd4 Bd3 14. Bb2 b5 15.
Rac1 a5 16. a3 Ra6 17. Bf1 Bxf1 18. Kxf1 Re8 19. Nb1 b4 20. a4 c5 21. Nb5 Nbd7
22. d3 Bb8 23. h3 c4 24. dxc4 Nc5 25. Rc2 dxc4 26. Rxc4 Nfe4 27. Rd1 h6 28. f3
Nxg3+ 29. Kf2 Ne6 30. f4 Nf5 31. e4 Nh4 32. e5 g5 33. Rg1 Kf8 34. fxg5 hxg5 35.
Nd2 Nf4 36. Rg3 Bxe5 37. Bxe5 Rxe5 38. Ne4 f6 39. Nc5 Re2+ 40. Kf1 Ra8 41. Rxf4
gxf4 42. Rg4 Rb2 43. Rxh4 Kg8 44. Rg4+ Kh7 45. Rxf4 Rc8 46. Rh4+ Kg6 47. Rg4+
Kh7 48. Rh4+ Kg6 49. Rg4+ 1/2-1/2

[Event "24th ch-EUR Indiv w 2024"]
[Site "Rhodes GRE"]
[Date "2024.04.22"]
[Round "4.61"]
[White "Esadze, Tamari"]
[Black "Olde, Margareth"]
[Result "0-1"]
[BlackTitle "WIM"]
[WhiteElo "1965"]
[BlackElo "2146"]
[WhiteFideId "13611186"]
[BlackFideId "4503082"]
[EventDate "2024.04.19"]

1. e4 c5 2. Nf3 e6 3. d4 cxd4 4. Nxd4 a6 5. Nc3 b5 6. Bd3 Bb7 7. O-O Nc6 8. Be3
Nf6 9. a3 Ne5 10. Bf4 Ng6 11. Bg3 Be7 12. Kh1 Qb6 13. Nb3 e5 14. Qe2 O-O 15.
Rad1 Rfe8 16. h4 h5 17. f3 Rad8 18. Qf2 Qc7 19. Nd5 Nxd5 20. exd5 Nf4 21. Bxf4
exf4 22. Be4 Bd6 23. c3 g6 24. Rfe1 Rc8 25. Bc2 Rxe1+ 26. Qxe1 Qd8 27. Kh2 Qf6
28. Rd4 Be5 29. Rd2 Re8 30. Nc5 Bc8 31. Ne4 Qd8 32. Re2 d6 33. Ng5 Kg7 34. Nh3
Rf8 35. Qd2 Qxh4 36. Qe1 Qf6 37. Nf2 Bf5 38. Bxf5 Qxf5 39. Qd2 g5 40. Re4 Rc8
41. Nd3 Bf6 42. Nb4 a5 43. Nc6 h4 44. Ne7 Bxe7 45. Rxe7 Rc4 46. b3 Rc5 47. Qd4+
Qf6 48. Ra7 Rxc3 49. Qe4 h3 50. Kxh3 Re3 51. Rxf7+ Qxf7 52. Qd4+ Kg6 53. Kh2
Qh7+ 0-1

[Event "24th ch-EUR Indiv w 2024"]
[Site "Rhodes GRE"]
[Date "2024.04.22"]
[Round "4.62"]
[White "Alexieva, Silvia"]
[Black "Dakic, Marta"]
[Result "1-0"]
[WhiteTitle "IM"]
[WhiteElo "2144"]
[BlackElo "1957"]
[WhiteFideId "2902265"]
[BlackFideId "990043"]
[EventDate "2024.04.19"]

1. c4 e5 2. Nc3 Nf6 3. g3 c6 4. d4 e4 5. Bg2 d5 6. Bg5 Be7 7. e3 O-O 8. Bxf6
Bxf6 9. cxd5 c5 10. Nxe4 Re8 11. Ne2 Bg4 12. dxc5 Bxb2 13. Rb1 Be5 14. O-O f5
15. f3 Bh5 16. Nf2 Na6 17. d6 Nxc5 18. Qd5+ Bf7 19. Qxc5 b6 20. Qb5 Bxd6 21. f4
Rc8 22. Rfd1 Rxe3 23. Nd4 g6 24. Bd5 Rc5 25. Bxf7+ Kxf7 26. Qa4 Qe7 27. Nc6 Qc7
28. Ne5+ Ke7 29. Qd4 Re2 30. Ned3 Rcc2 31. Re1 Rxa2 32. Rbc1 Qd7 33. Qg7+ Ke6
34. Qd4 Ke7 35. Qh8 Ke6 36. Kf1 Ba3 37. Qg8+ Kf6 38. Rxe2 Rxe2 39. Kxe2 Bxc1 40.
Nxc1 Qb5+ 41. Ncd3 a5 42. g4 fxg4 43. Nxg4+ Ke7 44. Qxh7+ Kd8 45. Qxg6 a4 46.
Ne5 a3 47. Qd6+ 1-0

[Event "24th ch-EUR Indiv w 2024"]
[Site "Rhodes GRE"]
[Date "2024.04.22"]
[Round "4.63"]
[White "Grapsa, Georgia"]
[Black "Polterauer, Chiara"]
[Result "1/2-1/2"]
[WhiteTitle "WFM"]
[BlackTitle "WFM"]
[WhiteElo "1920"]
[BlackElo "2141"]
[WhiteFideId "4206436"]
[BlackFideId "1638165"]
[EventDate "2024.04.19"]

1. d4 Nf6 2. c4 g6 3. Nf3 Bg7 4. g3 c6 5. Bg2 d5 6. O-O O-O 7. cxd5 cxd5 8. Nc3
Nc6 9. Ne5 Bf5 10. Nxc6 bxc6 11. Bf4 Ne4 12. Na4 Nd6 13. Rc1 Rc8 14. b3 h5 15.
Qd2 Nb5 16. Be3 h4 17. Nc5 f6 18. a4 Nd6 19. Bh6 Nf7 20. Bxg7 Kxg7 21. e4 dxe4
22. Bxe4 Qd6 23. Bxf5 gxf5 24. Qe3 Nd8 25. Rfe1 1/2-1/2

[Event "24th ch-EUR Indiv w 2024"]
[Site "Rhodes GRE"]
[Date "2024.04.22"]
[Round "4.64"]
[White "Koridze, Lile"]
[Black "Kroliczek, Gabriela"]
[Result "1-0"]
[WhiteTitle "WFM"]
[WhiteElo "2121"]
[BlackElo "1957"]
[WhiteFideId "13612514"]
[BlackFideId "21816727"]
[EventDate "2024.04.19"]

1. d4 Nf6 2. c4 e6 3. Nf3 b6 4. g3 Ba6 5. b3 Bb4+ 6. Bd2 Be7 7. Nc3 d5 8. Bg2
O-O 9. cxd5 exd5 10. O-O Re8 11. Re1 Bb7 12. Qc2 Nbd7 13. Bf4 c6 14. e4 dxe4 15.
Ne5 Bb4 16. a3 Bxc3 17. Qxc3 Nd5 18. Qc4 N7f6 19. Bg5 Qd6 20. Bxf6 gxf6 21. Ng4
f5 22. Ne3 f4 23. gxf4 Nxf4 24. Kh1 Nd3 25. Re2 Qf4 26. Rf1 b5 27. Qc2 c5 28.
dxc5 Re6 29. Rg1 Kf8 30. Nf1 Rf6 31. Ng3 Nxf2+ 32. Rxf2 Qxf2 33. Qc3 Rh6 34.
Qh8+ Ke7 35. Qe5+ Kf8 36. Rf1 Qxf1+ 37. Nxf1 Re6 38. Qc7 Bc6 39. Ne3 a6 40. Bh3
Rh6 41. Bd7 Bxd7 42. Qxd7 Re6 43. c6 Ree8 44. Qd6+ Kg8 45. Qg3+ Kf8 46. Nf5 1-0

[Event "24th ch-EUR Indiv w 2024"]
[Site "Rhodes GRE"]
[Date "2024.04.22"]
[Round "4.65"]
[White "Abrisqueta Zudaire, Leyre"]
[Black "Follana Albelda, Lucia"]
[Result "0-1"]
[WhiteTitle "WFM"]
[WhiteElo "2115"]
[BlackElo "1954"]
[WhiteFideId "32092253"]
[BlackFideId "24516937"]
[EventDate "2024.04.19"]

1. e4 c6 2. d4 d5 3. e5 c5 4. Nf3 cxd4 5. Qxd4 Bf5 6. Bb5+ Nc6 7. Nc3 a6 8. Ba4
e6 9. Qf4 b5 10. Bb3 Nge7 11. g4 Bg6 12. a4 b4 13. Ne2 h5 14. a5 hxg4 15. Nfd4
Qc7 16. Be3 Qxe5 17. Qxg4 Bh5 18. Qg2 Bxe2 19. Nxe2 Qxb2 20. Ra2 Qe5 21. Bf4 Qe4
22. f3 Qg6 23. Qf2 e5 24. Bg3 Qd6 25. Ba4 d4 26. Rb2 Nf5 27. Bxe5 Qd5 28. Bc7
Be7 29. Nf4 Qd7 30. Qe2 Qxc7 31. Qe4 Rc8 32. Qxf5 g6 33. Qe4 Kf8 34. Nd5 Bh4+
35. Kd1 Qxa5 36. Ra2 Qc5 37. Bb3 Re8 38. Qf4 Ne5 39. Rxa6 Kg7 40. Ra4 d3 41.
Nxb4 dxc2+ 42. Kc1 Bg5 43. Qxg5 Nd3+ 44. Nxd3 Qxg5+ 45. Kb2 Qd2 46. Bxc2 Rb8+ 0-1

[Event "24th ch-EUR Indiv w 2024"]
[Site "Rhodes GRE"]
[Date "2024.04.22"]
[Round "4.66"]
[White "Silva, Ana Ines Teixeira Da"]
[Black "Hajiyeva, Laman"]
[Result "1/2-1/2"]
[WhiteTitle "WFM"]
[BlackTitle "WFM"]
[WhiteElo "1933"]
[BlackElo "2114"]
[WhiteFideId "1932543"]
[BlackFideId "13415875"]
[EventDate "2024.04.19"]

1. e4 e5 2. Nf3 Nc6 3. d4 exd4 4. Bc4 Nf6 5. e5 d5 6. Bb5 Ne4 7. Nxd4 Bd7 8.
Bxc6 bxc6 9. O-O Bc5 10. f3 Ng5 11. Be3 Qe7 12. f4 Ne4 13. Nd2 Nxd2 14. Qxd2 O-O
15. Nb3 Bxe3+ 16. Qxe3 f6 17. Nc5 Bf5 18. c3 a5 19. b4 Rfe8 20. Rfe1 fxe5 21.
fxe5 axb4 22. cxb4 Qh4 23. Rf1 Qh5 24. a4 Qg6 25. Rf2 Be4 26. e6 Bf5 27. Re1 Re7
28. Qe5 Bxe6 29. Nxe6 Rae8 30. Rfe2 Rxe6 31. Qxe6+ Rxe6 32. Rxe6 Qg4 33. Re8+
Kf7 34. R8e7+ Kf6 35. R7e6+ Kf7 36. Re7+ Kg6 37. R7e6+ Kh5 38. b5 Qd4+ 39. Kh1
cxb5 40. axb5 Qb4 41. R6e5+ Kh6 42. Rd1 1/2-1/2

[Event "24th ch-EUR Indiv w 2024"]
[Site "Rhodes GRE"]
[Date "2024.04.22"]
[Round "4.67"]
[White "Harmsen, Jessica"]
[Black "Vasylchuk, Diana"]
[Result "0-1"]
[WhiteTitle "WIM"]
[WhiteElo "2102"]
[BlackElo "1931"]
[WhiteFideId "1001612"]
[BlackFideId "34134611"]
[EventDate "2024.04.19"]

1. f4 e5 2. fxe5 d6 3. exd6 Bxd6 4. Nf3 g5 5. g3 g4 6. Nh4 Ne7 7. d4 Ng6 8. Nxg6
hxg6 9. Qd3 Nc6 10. c3 Bf5 11. e4 Qe7 12. Nd2 O-O-O 13. Bg2 Bd7 14. Kd1 Qf8 15.
Nc4 f5 16. Nxd6+ Qxd6 17. Bf4 Qe7 18. Qe3 Rh5 19. h4 gxh3 20. Bf3 Qh7 21. Bxh5
Qxh5+ 22. Kc2 fxe4 23. Rad1 Bg4 24. Rd2 Bf3 25. Rhh2 b6 26. a3 Ne7 27. Qe1 Nd5
28. Be3 Qg4 0-1

[Event "24th ch-EUR Indiv w 2024"]
[Site "Rhodes GRE"]
[Date "2024.04.22"]
[Round "4.68"]
[White "Isgenderova, Hayale"]
[Black "Karaivanova, Petya"]
[Result "0-1"]
[WhiteTitle "WIM"]
[BlackTitle "WFM"]
[WhiteElo "2102"]
[BlackElo "1909"]
[WhiteFideId "13401823"]
[BlackFideId "2919150"]
[EventDate "2024.04.19"]

1. e4 e5 2. Nf3 Nc6 3. Bc4 Nf6 4. d3 Bc5 5. O-O O-O 6. h3 d5 7. exd5 Nxd5 8. Re1
Nb6 9. Bb3 a5 10. a4 h6 11. Nbd2 Bd6 12. Ne4 Kh8 13. Nfg5 Qe7 14. Qh5 Nd8 15.
Nf3 Kh7 16. Nh4 Bd7 17. Ng5+ Kg8 18. Ng6 Qf6 19. Nxf8 Bxf8 20. Ne4 Qe7 21. Bg5
Qe8 22. Bxh6 Be6 23. Re3 Nd7 24. Rg3 Bxb3 25. cxb3 Ne6 26. Bg5 f5 27. Qxe8 Rxe8
28. Nf6+ gxf6 29. Bxf6+ Kf7 30. Bg5 Nd4 31. Re1 Bd6 32. Bh6 Nc5 33. f4 e4 34.
dxe4 fxe4 35. Rc3 Nd3 36. Rxe4 Rxe4 37. Rxd3 Ne2+ 38. Kf2 Nxf4 39. Rxd6 cxd6 40.
Kf3 Rb4 41. Bxf4 Rxb3+ 42. Ke4 Rxb2 43. Kd5 Rxg2 44. Kc4 Ke6 45. Kb5 Rb2+ 46.
Kxa5 d5 47. h4 d4 48. h5 d3 49. h6 d2 50. Be5 d1=Q 51. Bxb2 Qd2+ 0-1

[Event "24th ch-EUR Indiv w 2024"]
[Site "Rhodes GRE"]
[Date "2024.04.22"]
[Round "4.69"]
[White "Guillo Longares, Cecilia"]
[Black "Gajcin, Jasmina"]
[Result "1-0"]
[WhiteTitle "WFM"]
[BlackTitle "WCM"]
[WhiteElo "2101"]
[BlackElo "1908"]
[WhiteFideId "32082681"]
[BlackFideId "939030"]
[EventDate "2024.04.19"]

1. d4 Nf6 2. c4 g6 3. Nf3 Bg7 4. g3 d5 5. cxd5 Nxd5 6. Bg2 Nb6 7. Nc3 Nc6 8. Bf4
O-O 9. O-O Bg4 10. d5 Na5 11. Qc2 Nac4 12. Rad1 Nxb2 13. Qxb2 Na4 14. Qxb7 Nxc3
15. Rd2 Ne4 16. Rc2 Nf6 17. Ne5 Bf5 18. Rxc7 Qb8 19. Nc6 Qxb7 20. Nxe7+ Kh8 21.
Rxb7 Be4 22. Rd1 Rfd8 23. Bxe4 Nxe4 24. Nc6 Re8 25. Kf1 Nc3 26. Rd2 Ne4 27. Rc2
g5 28. Bb8 Nc3 29. d6 1-0

[Event "24th ch-EUR Indiv w 2024"]
[Site "Rhodes GRE"]
[Date "2024.04.22"]
[Round "4.70"]
[White "Mihailidou, Magdalini"]
[Black "Orian, Noga"]
[Result "0-1"]
[BlackTitle "WFM"]
[WhiteElo "1915"]
[BlackElo "2099"]
[WhiteFideId "25801236"]
[BlackFideId "2836475"]
[EventDate "2024.04.19"]

1. e4 c5 2. Nf3 e6 3. d4 cxd4 4. Nxd4 Nc6 5. Nc3 Qc7 6. Nb3 a6 7. Be3 Nf6 8. f4
d6 9. Qf3 b5 10. Bd3 Bb7 11. O-O Be7 12. Kh1 Nb4 13. a3 Nxd3 14. cxd3 Rc8 15.
Rac1 Qd7 16. Qh3 h5 17. Ne2 g6 18. Na5 Ba8 19. Nd4 Ng4 20. Bg1 O-O 21. f5 e5 22.
Ne2 d5 23. Nc3 dxe4 24. dxe4 Qd2 25. Qg3 Qxb2 26. h3 b4 27. hxg4 Rxc3 28. Rxc3
Qxc3 29. Rf3 Qc1 30. axb4 Bxb4 31. Nb3 Qe1 32. gxh5 Qxg3 33. Rxg3 a5 34. hxg6
Bxe4 35. gxf7+ Kxf7 36. Re3 Bd5 37. Na1 Rh8+ 38. Bh2 Bd6 39. Rd3 Rxh2+ 40. Kxh2
e4+ 41. Rg3 Kf6 42. Kh3 Bxg3 43. Kxg3 Kxf5 44. Kf2 a4 45. Ke3 Ke5 46. Nc2 Bb3
47. Nd4 Bd1 48. Nb5 Bg4 49. Na3 Be6 50. g3 Bb3 51. g4 Be6 52. g5 Bd5 53. Nc2 Kf5
54. Kd4 Bf7 55. Ne3+ Kf4 56. Nd1 a3 57. Kc3 Kxg5 58. Ne3 Kf4 59. Nc2 a2 60. Kb2
Kf3 61. Nd4+ Ke3 62. Nf5+ Kf2 63. Nh6 Be6 64. Nf5 Bxf5 65. Kxa2 e3 66. Kb2 e2 0-1

[Event "24th ch-EUR Indiv w 2024"]
[Site "Rhodes GRE"]
[Date "2024.04.22"]
[Round "4.71"]
[White "Vardi, Shlomit"]
[Black "Abdinova, Narmin"]
[Result "1/2-1/2"]
[WhiteElo "1906"]
[BlackElo "2087"]
[WhiteFideId "2801442"]
[BlackFideId "13425340"]
[EventDate "2024.04.19"]

1. Nf3 Nf6 2. g3 e6 3. Bg2 d5 4. d3 Be7 5. Nbd2 O-O 6. O-O c5 7. e4 Nc6 8. Re1
Qc7 9. Qe2 dxe4 10. dxe4 e5 11. c3 Na5 12. Nf1 Be6 13. b3 Bd7 14. Nh4 g6 15. Ne3
Rad8 16. Nd5 Nxd5 17. exd5 Bf6 18. Bh6 Rfe8 19. Rac1 b6 20. c4 Qd6 21. Qe3 Nb7
22. Bg5 Bxg5 23. Qxg5 Kg7 24. Nf3 f6 25. Qe3 e4 26. Nd2 f5 27. Qc3+ Qf6 28.
Qxf6+ Kxf6 29. f3 exf3 30. Bxf3 Nd6 31. Kf2 g5 32. a3 Rxe1 33. Rxe1 Re8 34. Rc1
a5 35. b4 axb4 36. axb4 cxb4 37. Rb1 Ra8 38. Rxb4 Ra2 39. Ke2 Ke5 40. Kd3 g4 41.
Bd1 h5 42. Bb3 Ra6 43. Ke3 h4 44. Bc2 Ra3+ 45. Rb3 Ra4 46. Bd3 b5 47. cxb5 f4+
48. gxf4+ Rxf4 49. b6 Bc8 50. Rb1 Bb7 51. Be2 Bxd5 52. Rg1 Nf5+ 53. Kd3 g3 54.
hxg3 Nxg3 55. Re1 Kd6 56. Ke3 Rf7 57. Bf3 h3 58. Kf2 Rg7 59. b7 Bxb7 60. Bxb7 h2 1/2-1/2

[Event "24th ch-EUR Indiv w 2024"]
[Site "Rhodes GRE"]
[Date "2024.04.22"]
[Round "4.72"]
[White "Paasikangas, Johanna"]
[Black "Golsta, Ramona"]
[Result "1-0"]
[WhiteTitle "FM"]
[WhiteElo "2080"]
[BlackElo "1867"]
[WhiteFideId "500879"]
[BlackFideId "11607394"]
[EventDate "2024.04.19"]

1. d4 d5 2. c4 e6 3. Nc3 c5 4. cxd5 exd5 5. Nf3 Nc6 6. g3 Nf6 7. Bg2 cxd4 8.
Nxd4 Bc5 9. Nb3 Bb4 10. O-O Be6 11. Nd4 O-O 12. a3 Bc5 13. Nxe6 fxe6 14. e3 a6
15. b4 Ba7 16. b5 Ne5 17. bxa6 bxa6 18. Ne2 Nc4 19. Nf4 Qd6 20. Qe2 g5 21. Nd3
h6 22. Nb2 Nxa3 23. Qd3 Nb5 24. Qg6+ Kh8 25. Qxh6+ Nh7 26. Nd3 Rac8 27. Bb2+ d4
28. Be4 Rf7 29. Bxh7 Rxh7 30. Qxg5 Nc3 31. Qf6+ Kg8 32. Bxc3 Rxc3 33. Nf4 Rc6
34. exd4 Bxd4 35. Qg6+ Rg7 36. Qe8+ Kh7 37. Ra5 Bc5 38. Qh5+ Kg8 39. Ne2 Qc7 40.
Ra4 Qf7 41. Qe5 Qd7 42. Qe4 Qc7 43. Kg2 e5 44. Qd5+ Kf8 45. Rc4 Rd7 46. Qe4 Rf7
47. f3 Rh6 48. Rfc1 Qd7 49. h4 Bb6 50. Rc8+ Ke7 51. Qxe5+ Re6 52. Qg5+ Rff6 53.
Nf4 Qd2+ 54. Kh3 Rd6 55. Qg7+ Rf7 56. Qe5+ 1-0

[Event "24th ch-EUR Indiv w 2024"]
[Site "Rhodes GRE"]
[Date "2024.04.22"]
[Round "4.73"]
[White "Tuktamisova, Diana"]
[Black "Belluire, Beatrice"]
[Result "0-1"]
[WhiteElo "1864"]
[BlackElo "2070"]
[WhiteFideId "13909932"]
[BlackFideId "26017296"]
[EventDate "2024.04.19"]

1. d4 d5 2. Nf3 e6 3. Bf4 Nf6 4. e3 c5 5. c3 Nc6 6. Bd3 Be7 7. Nbd2 Nh5 8. Bg3
g6 9. dxc5 Bxc5 10. b4 Nxg3 11. hxg3 Bd6 12. Qc2 Ne5 13. Nxe5 Bxe5 14. f4 Bg7
15. Kf2 Bd7 16. Rac1 Rc8 17. c4 dxc4 18. Nxc4 O-O 19. Qe2 Bc6 20. Rcd1 Qd5 21.
Rh2 Rfd8 22. Qg4 Ba4 23. Bxg6 Qxd1 24. Bxf7+ Kf8 25. Qxd1 Rxd1 26. Bxe6 Rc6 27.
f5 b5 28. Na5 Rd2+ 29. Kf3 Bd1+ 30. Kf4 Rf2+ 31. Kg5 h6+ 32. Kg6 Rxe6+ 33. fxe6
Rf6+ 0-1

[Event "24th ch-EUR Indiv w 2024"]
[Site "Rhodes GRE"]
[Date "2024.04.22"]
[Round "4.74"]
[White "Kakulidis, Ellen"]
[Black "Alexandri, Vasiliki"]
[Result "1/2-1/2"]
[WhiteTitle "WFM"]
[WhiteElo "2062"]
[BlackElo "1859"]
[WhiteFideId "1444972"]
[BlackFideId "42103606"]
[EventDate "2024.04.19"]

1. d4 Nf6 2. Nf3 g6 3. g3 Bg7 4. Bg2 d6 5. O-O O-O 6. Re1 Ne4 7. Nbd2 Nxd2 8.
Bxd2 c5 9. dxc5 dxc5 10. c3 Nc6 11. Qc1 Qb6 12. Bh6 Bg4 13. Bxg7 Kxg7 14. Ng5 h6
15. h3 Bf5 16. e4 Bd7 17. Nf3 e5 18. Nd2 Be6 19. Nf1 c4 20. Ne3 Qc5 21. Qc2 Rfd8
22. Rad1 b5 23. Nd5 Rd7 24. b4 cxb3 25. axb3 b4 26. c4 Nd4 27. Qb2 a5 28. Ra1
Rda7 29. Reb1 a4 30. bxa4 Rxa4 31. Rxa4 Rxa4 32. Nxb4 Bxc4 33. Nd5 Bb3 34. Ra1
Ne2+ 35. Kh2 Nd4 36. Rxa4 Bxa4 37. Qb8 Nc6 38. Qb6 Qxb6 39. Nxb6 Bb5 40. Nd5 Nd4
41. Nc3 1/2-1/2

[Event "24th ch-EUR Indiv w 2024"]
[Site "Rhodes GRE"]
[Date "2024.04.22"]
[Round "4.76"]
[White "Jimenez Fernandez, Rebeca"]
[Black "Siskou, Evangelia"]
[Result "1-0"]
[WhiteTitle "WFM"]
[WhiteElo "2055"]
[BlackElo "1837"]
[WhiteFideId "32070934"]
[BlackFideId "42113938"]
[EventDate "2024.04.19"]

1. e4 e5 2. Nf3 Nc6 3. Bb5 Nf6 4. d3 d6 5. O-O a6 6. Ba4 Bd7 7. c3 g6 8. Re1 Bg7
9. Nbd2 O-O 10. Nf1 b5 11. Bb3 Be6 12. Ng3 Bxb3 13. Qxb3 d5 14. a4 Rb8 15. axb5
axb5 16. Bg5 d4 17. Ra6 Qd7 18. cxd4 exd4 19. Rc1 Rb6 20. Rxb6 cxb6 21. Qxb5 Rc8
22. Qxb6 h6 23. Bxf6 Bxf6 24. h3 Bd8 25. Qa6 Rc7 26. Rc4 Kg7 27. Qa4 Bf6 28. Ne2
Qc8 29. Qc2 Qe6 30. Nf4 Qd6 31. Nd5 Ra7 32. g3 Ra6 33. Nxf6 Qxf6 34. Kg2 Rb6 35.
Qa4 h5 36. h4 Qd6 37. b3 Qf6 38. b4 Ne5 39. Nxe5 Qxe5 40. Qa7 Rd6 41. Qc5 Qxc5
42. bxc5 Rc6 43. e5 f6 44. f4 f5 45. Kf3 Kf7 46. Rxd4 Rxc5 47. Rc4 Ra5 48. Rc7+
Kf8 49. Ke3 Ra4 50. Rc3 Ke7 51. d4 Ke6 52. Rc6+ Kd5 53. Rc5+ Ke6 54. d5+ Ke7 55.
Rc7+ Kd8 56. Rg7 Ra3+ 57. Kd4 1-0

[Event "24th ch-EUR Indiv w 2024"]
[Site "Rhodes GRE"]
[Date "2024.04.22"]
[Round "4.77"]
[White "Zvereva, Marija"]
[Black "Dereka, Konstantina"]
[Result "1-0"]
[WhiteTitle "WIM"]
[WhiteElo "2049"]
[BlackElo "1821"]
[WhiteFideId "4121082"]
[BlackFideId "25837435"]
[EventDate "2024.04.19"]

1. e4 c5 2. Nf3 e6 3. g3 Nc6 4. Bg2 Qc7 5. O-O Nf6 6. Re1 d6 7. c3 Be7 8. d4
cxd4 9. cxd4 d5 10. e5 Nd7 11. Nc3 a6 12. h4 O-O 13. Bf4 b5 14. Rc1 Qb6 15. Qd3
f6 16. exf6 Nxf6 17. Ng5 Qxd4 18. Qxd4 Nxd4 19. Be5 Nf5 20. Bxf6 Bxf6 21. Nxd5
Bxg5 22. hxg5 Rb8 23. Nc7 Nd4 24. f4 Rb6 25. Kf2 Rd6 26. Re4 Bb7 27. Rxd4 Rxd4
28. Bxb7 Rd2+ 29. Kf3 Rxb2 30. Nxe6 Re8 31. Bd5 Kh8 32. g6 Rd2 33. Bb3 Rd3+ 34.
Kg4 a5 35. Ng5 a4 36. Nf7+ Kg8 37. gxh7+ Kxh7 38. Ng5+ Kg6 39. Bc2 1-0

[Event "24th ch-EUR Indiv w 2024"]
[Site "Rhodes GRE"]
[Date "2024.04.22"]
[Round "4.78"]
[White "Kalayci, Nino"]
[Black "Movsesian, Julia"]
[Result "0-1"]
[WhiteTitle "WCM"]
[BlackTitle "WGM"]
[WhiteElo "1755"]
[BlackElo "2276"]
[WhiteFideId "13603221"]
[BlackFideId "4139690"]
[EventDate "2024.04.19"]

1. Nf3 d5 2. b3 Nf6 3. Bb2 e6 4. e3 Bd6 5. d4 O-O 6. Bd3 b6 7. O-O Bb7 8. Nbd2
c5 9. Ne5 Nbd7 10. f4 cxd4 11. exd4 Ne4 12. Qe2 Ndf6 13. c4 Rc8 14. Rad1 Qe7 15.
f5 Rcd8 16. Bb1 exf5 17. Rxf5 Bc8 18. Nxe4 dxe4 19. Nc6 Bxh2+ 20. Kh1 Qd6 21.
Rxf6 Qxf6 22. Qxe4 Qh6 23. Qxh7+ Qxh7 24. Bxh7+ Kxh7 25. Nxd8 Bd6 26. Nc6 Re8
27. Ne5 f6 28. Nd3 Bf5 29. Re1 Rxe1+ 30. Nxe1 Bb1 31. b4 Bxb4 32. a3 Bxe1 0-1

[Event "24th ch-EUR Indiv w 2024"]
[Site "Rhodes GRE"]
[Date "2024.04.22"]
[Round "4.79"]
[White "Peycheva, Gergana"]
[Black "Valkova, Angelika"]
[Result "1-0"]
[WhiteTitle "FM"]
[WhiteElo "2295"]
[BlackElo "2009"]
[WhiteFideId "2916711"]
[BlackFideId "14129272"]
[EventDate "2024.04.19"]

1. d4 d5 2. c4 e6 3. Nc3 Nf6 4. cxd5 exd5 5. Bg5 Be7 6. e3 Bg4 7. Qb3 Nbd7 8.
Bxf6 Nxf6 9. Qxb7 O-O 10. Qb3 c5 11. Nge2 Rb8 12. Qc2 Qb6 13. Rb1 Rfe8 14. Qd2
cxd4 15. Nxd4 Ne4 16. Nxe4 dxe4 17. a3 Bxa3 18. Bb5 Bd6 19. h3 Bd7 20. O-O Bh2+
21. Kxh2 Qd6+ 22. g3 Rxb5 23. Qe2 Rg5 24. Ra1 a5 25. Rfc1 h5 26. h4 Rd5 27. Qc4
Rc8 28. Qe2 Re8 29. Qc4 Rc8 30. Qe2 Rb8 31. Rc2 g5 32. hxg5 Rxg5 33. f4 exf3 34.
Qxf3 h4 35. Rg1 Kg7 36. Qf4 Qh6 37. gxh4 Rxg1 38. Kxg1 Qxf4 39. exf4 Rb4 40. Rd2
Kg6 41. Kf2 Kh5 42. Ke3 Kxh4 43. Nf3+ Kg3 44. Rxd7 Rb3+ 45. Ke4 f5+ 46. Kxf5
Kxf3 47. Kg5 Rxb2 48. f5 Ke4 49. f6 Rg2+ 50. Kh6 Ke5 51. f7 Rf2 52. Kg7 Rg2+ 53.
Kf8 Kf6 54. Rd6+ Ke5 55. Ke7 Rg7 56. Ra6 1-0